000
00331nam a2200133Ia 4500
008
191201s2011 xx 000 0 und d
082
_a
005.133
_b
HOF
100
_a
HOROWITZ,Ellis
245
0
_a
Fundamental of Data Structure in C
250
_a
2nd
260
_c
2011
_b
University Press
_a
NEW DELHI
300
_a
617
942
_2
ddc
_c
BK
999
_c
7875
_d
7875